[Event "DEM U10/U10w 2015"]
[Site "Willingen GER"]
[Date "2015.05.24"]
[Round "2"]
[White "Wagner, Leopold Franziskus"]
[Black "Kosev, Momchil"]
[Result "1-0"]
[Termination "normal"]
[Board "1"]
[WhiteElo "1803"]
[BlackElo "1391"]
[WhiteClock "00:06:56"]
[BlackClock "00:31:37"]
[PlyCount "205"]
[WhiteFideId "1641581"]
[BlackFideId "12975982"]
[EventCountry "GER"]
[EventRounds "11"]
[EventType "swiss"]
[EventDate "2015.05.23"]

1. e4 c5 2. Nf3 d6 3. d4 cxd4 4. Nxd4 Nf6 5. Nc3 a6 6. f3 e5 7. Nb3 Be6 8. Be3
Be7 9. Be2 Qc7 10. O-O O-O 11. Qd2 Nbd7 12. Rfd1 Rac8 13. Qe1 b5 14. Rac1 Nb6
15. Qf2 Nc4 16. Bxc4 Bxc4 17. Bg5 b4 18. Bxf6 Bxf6 19. Nd5 Bxd5 20. Rxd5 Bg5
21. Nd2 f5 22. exf5 Qc6 23. Rd3 Rxf5 24. Qe2 Qb6+ 25. Kh1 Rff8 26. Qe4 Kh8 27.
Qd5 Rfd8 28. Rd1 Rxc2 29. Ne4 Be7 30. Qe6 Rc7 31. Qxe5 Rcd7 32. Qd5 Rc8 33. Qe6
Qc7 34. h3 h6 35. Nc5 Rdd8 36. Nxa6 Qb7 37. Nxb4 Qxb4 38. Qxe7 Qxb2 39. R3d2
Qc3 40. Qe2 Qf6 41. a4 Ra8 42. Rd4 d5 43. Qb5 Rab8 44. Qd3 Ra8 45. Rxd5 Rxd5
46. Qxd5 Rxa4 47. Qd8+ Qxd8 48. Rxd8+ Kh7 49. Rd6 Kg8 50. Kh2 Kf7 51. Rb6 Ra2
52. Kg3 Rc2 53. h4 h5 54. Rb3 Kg6 55. Rb5 Rd2 56. Rg5+ Kh6 57. Ra5 Rc2 58. Kh3
Rc3 59. Ra2 Kg6 60. Kg3 Rc4 61. Ra3 Kf5 62. Kh3 Rc1 63. g3 Kf6 64. Ra6+ Kf7 65.
Ra5 Kg6 66. Ra2 Rc3 67. Kg2 Rc4 68. Kf2 Kf6 69. Ra3 g6 70. Ke3 Rb4 71. Ra6+ Kf5
72. Ra5+ Kf6 73. Rd5 Ra4 74. Rd4 Ra5 75. g4 hxg4 76. fxg4 Ra3+ 77. Kf4 Rh3 78.
Rd6+ Ke7 79. Rxg6 Rxh4 80. Kg5 Rh7 81. Ra6 Kf7 82. Ra7+ Kg8 83. Ra8+ Kf7 84.
Ra7+ Kg8 85. Rxh7 Kxh7 86. Kf6 Kg8 87. Kg6 Kh8 88. Kf6 Kg8 89. g5 Kh7 90. Kf7
Kh8 91. Kg6 Kg8 92. Kh6 Kh8 93. g6 Kg8 94. g7 Kf7 95. Kh7 Kf6 96. g8=Q Kf5 97.
Qc4 Ke5 98. Qc6 Kd4 99. Qb5 Ke4 100. Kg6 Kd4 101. Kf5 Kc3 102. Qa4 Kb2 103. Qc4
1-0

[Event "DEM U10/U10w 2015"]
[Site "Willingen GER"]
[Date "2015.05.24"]
[Round "2"]
[White "Bui, Bao Anh Le"]
[Black "Jahrke, Jonas"]
[Result "1-0"]
[Termination "normal"]
[Board "3"]
[WhiteElo "1660"]
[BlackElo "1372"]
[WhiteClock "00:04:28"]
[BlackClock "00:42:11"]
[PlyCount "105"]
[WhiteFideId "12970719"]
[BlackFideId "12984353"]
[EventCountry "GER"]
[EventRounds "11"]
[EventType "swiss"]
[EventDate "2015.05.23"]

1. e4 c5 2. Nf3 e6 3. d4 cxd4 4. Nxd4 a6 5. Nc3 Qc7 6. a3 d6 7. Be2 Be7 8. Be3
Nd7 9. f4 Ngf6 10. O-O O-O 11. Bf3 Rb8 12. a4 Re8 13. Qe1 Bf8 14. a5 g6 15. Qh4
Bg7 16. Be2 Nc5 17. Bd3 Nxd3 18. cxd3 Bd7 19. Rf3 e5 20. Nde2 Bg4 21. Rf2 Qd7
22. h3 Be6 23. fxe5 dxe5 24. Bg5 Nh5 25. g4 h6 26. gxh5 hxg5 27. Qxg5 gxh5 28.
Rg2 f6 29. Qxh5 Bxh3 30. Rg3 Be6 31. Rf1 Rf8 32. Rf2 Qf7 33. Rxg7+ Qxg7+ 34.
Rg2 Qxg2+ 35. Kxg2 Rf7 36. Kf2 Re8 37. Ke3 Ree7 38. Ng3 Rh7 39. Qf3 Rh3 40.
Nce2 Rg7 41. Kd2 Bg4 42. Qxf6 Rh2 43. Qxe5 Bxe2 44. Qe8+ Kh7 45. Nxe2 Rgg2 46.
Qf7+ Kh8 47. Qf3 Kg7 48. Ke3 Kg8 49. e5 Rg6 50. Nf4 Rg7 51. e6 Rxb2 52. Ng6
Rxg6 53. Qf7+ 1-0

[Event "DEM U10/U10w 2015"]
[Site "Willingen GER"]
[Date "2015.05.24"]
[Round "2"]
[White "Bethke, Richard"]
[Black "Pubantz, Jan"]
[Result "1/2-1/2"]
[Termination "normal"]
[Board "4"]
[WhiteElo "1655"]
[BlackElo "1363"]
[WhiteClock "00:50:48"]
[BlackClock "00:01:37"]
[PlyCount "85"]
[WhiteFideId "12959243"]
[BlackFideId "12996114"]
[EventCountry "GER"]
[EventRounds "11"]
[EventType "swiss"]
[EventDate "2015.05.23"]

1. e4 c6 2. d4 d5 3. Nc3 dxe4 4. Nxe4 Bf5 5. Ng3 Bg6 6. Nf3 Nd7 7. h4 h6 8. Bd3
Bxd3 9. Qxd3 e6 10. Bd2 Ngf6 11. Ne4 Nxe4 12. Qxe4 Nf6 13. Qd3 Bd6 14. c4 Qc7
15. c5 Be7 16. O-O-O Nd5 17. Ne5 b5 18. g3 a5 19. Rhe1 Bf6 20. f4 Bxe5 21. Rxe5
O-O 22. Rf1 Nb4 23. Qb1 Rad8 24. Bc3 Rd5 25. a3 Rxe5 26. fxe5 Nd5 27. Rf3 Nxc3
28. bxc3 Qd7 29. Qb3 Qd5 30. Qxd5 exd5 31. Kb2 Re8 32. Rf1 a4 33. Kc2 Re6 34.
h5 f6 35. Rf5 g6 36. hxg6 fxe5 37. dxe5 Rxg6 38. Rf3 Re6 39. Re3 Kg7 40. Kd3
Rg6 41. e6 Kf8 42. e7+ Ke8 43. Kd4 1/2-1/2

[Event "DEM U10/U10w 2015"]
[Site "Willingen GER"]
[Date "2015.05.24"]
[Round "2"]
[White "Hetzner, Hannes"]
[Black "Kirchner, Markus"]
[Result "0-1"]
[Termination "normal"]
[Board "5"]
[WhiteElo "1361"]
[BlackElo "1633"]
[WhiteClock "00:20:24"]
[BlackClock "00:50:12"]
[PlyCount "118"]
[WhiteFideId "16211936"]
[BlackFideId "12979163"]
[EventCountry "GER"]
[EventRounds "11"]
[EventType "swiss"]
[EventDate "2015.05.23"]

1. e4 d6 2. d4 Nf6 3. Nc3 c6 4. Bd3 e5 5. Nge2 Nbd7 6. O-O Be7 7. Be3 O-O 8. f3
Qc7 9. Qd2 a6 10. dxe5 dxe5 11. Ng3 Bc5 12. Rad1 Bxe3+ 13. Qxe3 Qb6 14. Qxb6
Nxb6 15. b3 Be6 16. Rfe1 Rad8 17. Rd2 Rd7 18. a4 a5 19. Nf5 g6 20. Ne3 Rfd8 21.
Rdd1 Bxb3 22. Rb1 Bxc2 23. Bxc2 Nc8 24. Red1 Rxd1+ 25. Rxd1 Rxd1+ 26. Bxd1 Nb6
27. Kf2 Kf8 28. Ke2 Nfd7 29. Bb3 Nc5 30. Bd1 Ke7 31. Kd2 f6 32. Bc2 Kf7 33. Kc1
Ke6 34. g4 Ke7 35. Kb2 Kd6 36. Bb3 Nd3+ 37. Ka3 Ne1 38. Bd1 Nd3 39. Be2 Nb4 40.
Nc4+ Nxc4+ 41. Bxc4 Nc2+ 42. Kb2 Nd4 43. Be2 Kc5 44. h4 h6 45. Bd1 Ne6 46. Ne2
Kb4 47. Nc1 Nc5 48. Na2+ Kc4 49. Be2+ Kd4 50. Ka3 Ke3 51. Nc3 Kd2 52. Kb2 Nxa4+
53. Nxa4 Kxe2 54. Nc5 Kxf3 55. Nd7 Kxg4 56. Nxf6+ Kf4 57. Kb3 b5 58. Kc3 g5 59.
Nd5+ Kxe4 0-1

[Event "DEM U10/U10w 2015"]
[Site "Willingen GER"]
[Date "2015.05.24"]
[Round "2"]
[White "Weihrauch, Jakob"]
[Black "Kruse, Kilian"]
[Result "1-0"]
[Termination "normal"]
[Board "6"]
[WhiteElo "1594"]
[BlackElo "1346"]
[WhiteClock "00:56:02"]
[BlackClock "01:06:02"]
[PlyCount "63"]
[WhiteFideId "16210115"]
[BlackFideId "16205413"]
[EventCountry "GER"]
[EventRounds "11"]
[EventType "swiss"]
[EventDate "2015.05.23"]

1. e4 c5 2. Nf3 Nc6 3. d4 cxd4 4. Nxd4 Nf6 5. Nc3 e5 6. Ndb5 d6 7. Bg5 a6 8.
Na3 b5 9. Nd5 Be7 10. Bxf6 Bxf6 11. c4 Qa5+ 12. Qd2 Qxd2+ 13. Kxd2 Bg5+ 14. Kd1
Rb8 15. cxb5 axb5 16. Nxb5 O-O 17. h4 Ba6 18. Ndc7 Bxb5 19. Nxb5 Bf6 20. Rb1
Rfe8 21. Nc7 Rec8 22. Nd5 Be7 23. Bd3 Kf8 24. a3 Nd4 25. b4 Nb5 26. Bxb5 Rxb5
27. Rc1 Rxc1+ 28. Kxc1 Rb8 29. Kb2 h5 30. g3 Bd8 31. Rc1 Ba5 32. Rc6 1-0

[Event "DEM U10/U10w 2015"]
[Site "Willingen GER"]
[Date "2015.05.24"]
[Round "2"]
[White "Pachmann, Johannes"]
[Black "Evering, Sören"]
[Result "0-1"]
[Termination "normal"]
[Board "7"]
[WhiteElo "1308"]
[BlackElo "1712"]
[WhiteClock "01:00:57"]
[BlackClock "00:34:36"]
[PlyCount "78"]
[WhiteFideId "16250451"]
[BlackFideId "12974650"]
[EventCountry "GER"]
[EventRounds "11"]
[EventType "swiss"]
[EventDate "2015.05.23"]

1. e4 e5 2. d4 exd4 3. Qxd4 Nc6 4. Qe3 Nf6 5. Nc3 Bb4 6. Bd2 O-O 7. O-O-O d6 8.
Be2 Re8 9. Bd3 d5 10. f3 d4 11. Qe1 dxc3 12. Bxc3 Bxc3 13. Qxc3 Qe7 14. Bb5 Bd7
15. Nh3 Nb4 16. Kb1 Bxb5 17. g4 a5 18. Rhg1 Qe6 19. b3 Nc6 20. Nf4 Qe5 21. Qe3
a4 22. g5 axb3 23. cxb3 Rxa2 24. Rd4 Nxd4 25. Kxa2 Ra8+ 26. Kb1 Ra1+ 27. Kxa1
Nc2+ 28. Kb1 Nxe3 29. gxf6 Qxf6 30. Nh5 Bd3+ 31. Ka2 Qa6+ 32. Kb2 g6 33. h4 Qa5
34. Nf4 Qd2+ 35. Ka3 Nc2+ 36. Kb2 Nd4+ 37. Ka3 Qc3 38. Ka4 b5+ 39. Ka3 Qxb3#
0-1

[Event "DEM U10/U10w 2015"]
[Site "Willingen GER"]
[Date "2015.05.24"]
[Round "2"]
[White "Hommer, Jeremy"]
[Black "Laux, Dominik"]
[Result "1-0"]
[Termination "normal"]
[Board "8"]
[WhiteElo "1570"]
[BlackElo "1273"]
[WhiteClock "00:13:54"]
[BlackClock "00:10:06"]
[PlyCount "91"]
[WhiteFideId "12992577"]
[BlackFideId "12994219"]
[EventCountry "GER"]
[EventRounds "11"]
[EventType "swiss"]
[EventDate "2015.05.23"]

1. e4 c6 2. c4 d5 3. exd5 cxd5 4. cxd5 Qxd5 5. Nc3 Qd8 6. Bc4 Nf6 7. Nf3 Nc6 8.
O-O Bg4 9. Qb3 e6 10. Qxb7 Rc8 11. Ne1 Nd7 12. Nc2 Na5 13. Qxa7 Nxc4 14. Qd4
Nde5 15. Qf4 Bf5 16. Ne3 Nd3 17. Qf3 Nxc1 18. Raxc1 Nxd2 19. Qe2 Nxf1 20. Nxf5
Qa5 21. Nd4 Nxh2 22. Kxh2 Bd6+ 23. Kg1 O-O 24. Qg4 Qe5 25. Rd1 Rfd8 26. Nf3 Qf6
27. Ne4 Qe7 28. Neg5 Bc7 29. Re1 h6 30. Nh3 Ba5 31. Re4 f5 32. Qxf5 Rd1+ 33.
Kh2 Bc7+ 34. g3 Rf8 35. Qg4 Qf6 36. Nh4 Be5 37. Qxd1 g5 38. Qg4 Kh7 39. Ng2 Kg6
40. Ngf4+ Kh7 41. Nh5 Qh8 42. Qxe6 Bg7 43. Qe7 Rg8 44. Nf6+ Kg6 45. Nxg8 Qxg8
46. Qe8+ 1-0

[Event "DEM U10/U10w 2015"]
[Site "Willingen GER"]
[Date "2015.05.24"]
[Round "2"]
[White "Deutsch, Christoph"]
[Black "Haufe, Laurin"]
[Result "1-0"]
[Termination "normal"]
[Board "9"]
[WhiteElo "1291"]
[BlackElo "1575"]
[PlyCount "103"]
[WhiteFideId "16206878"]
[BlackFideId "12976504"]
[EventCountry "GER"]
[EventRounds "11"]
[EventType "swiss"]
[EventDate "2015.05.23"]

1. e4 c5 2. Nf3 d6 3. Bb5+ Nd7 4. O-O a6 5. Bxd7+ Bxd7 6. d4 cxd4 7. Qxd4 e5 8.
Qd3 Rc8 9. Re1 h6 10. c3 Nf6 11. Nbd2 Be7 12. Nf1 O-O 13. Ng3 Re8 14. Nh4 Qa5
15. Nhf5 Bb5 16. Nxe7+ Rxe7 17. Qxd6 Re6 18. Qb4 Qc7 19. Nf5 Qd7 20. b3 Bc6 21.
f3 Qc7 22. Be3 a5 23. Qb6 Qxb6 24. Bxb6 Bxe4 25. fxe4 g6 26. Nxh6+ Kg7 27. Nxf7
Kxf7 28. Bxa5 b6 29. Bb4 Kg7 30. Rad1 Ra8 31. Rd6 Rxd6 32. Bxd6 Nd7 33. a3 Kf6
34. Kf2 Nc5 35. Bxc5 bxc5 36. Ra1 Rh8 37. a4 c4 38. b4 Ke7 39. a5 Kd7 40. a6
Kc6 41. a7 Ra8 42. Kg3 Kd7 43. Kg4 Ke6 44. Kg5 Ke7 45. Kxg6 Rg8+ 46. Kf5 Rf8+
47. Kxe5 Ra8 48. h4 Kd7 49. h5 Kc6 50. h6 Re8+ 51. Kf4 Rf8+ 52. Ke3 1-0

[Event "DEM U10/U10w 2015"]
[Site "Willingen GER"]
[Date "2015.05.24"]
[Round "2"]
[White "Breß, Aaron"]
[Black "Reichelt, Lena"]
[Result "1/2-1/2"]
[Termination "normal"]
[Board "11"]
[WhiteElo "1674"]
[BlackElo "1285"]
[PlyCount "141"]
[WhiteFideId "12996432"]
[BlackFideId "12981184"]
[EventCountry "GER"]
[EventRounds "11"]
[EventType "swiss"]
[EventDate "2015.05.23"]

1. c4 e6 2. Nc3 d5 3. cxd5 exd5 4. g3 Nf6 5. Bg2 c6 6. Nf3 Bd6 7. O-O O-O 8. d3
Re8 9. Bd2 Bf5 10. a3 Nbd7 11. b4 Ne5 12. Nd4 Bg6 13. Rb1 Nxd3 14. Ra1 Ne5 15.
h3 Rc8 16. f4 Ned7 17. f5 Bh5 18. g4 Bxg4 19. hxg4 Nxg4 20. Nf3 Nge5 21. Qe1
Nd3 22. Qh4 Qxh4 23. Nxh4 Nb2 24. Ra2 Nc4 25. Bh3 Nf6 26. Kf2 c5 27. b5 Be5 28.
Nd1 Bd4+ 29. e3 Be5 30. Nf3 Nxd2 31. Nxd2 d4 32. Nf3 dxe3+ 33. Nxe3 Ne4+ 34.
Kg2 Rcd8 35. Nxe5 Rxe5 36. Nc4 Red5 37. Kh2 Rd4 38. Rc2 Nd6 39. Nxd6 R8xd6 40.
Rxc5 Rd2+ 41. Bg2 Kf8 42. Kg1 b6 43. Rc7 Rd7 44. Rxd7 Rxd7 45. Re1 Rd2 46. Bc6
f6 47. Re8+ Kf7 48. Ra8 Rd1+ 49. Kh2 Rd2+ 50. Kg1 Rd1+ 51. Kf2 Rd2+ 52. Ke1 Rd3
53. Rxa7+ Kf8 54. Ra6 h5 55. Rxb6 Re3+ 56. Kf2 Rxa3 57. Rb8+ Ke7 58. Rc8 Rb3
59. Re8+ Kd6 60. Re3 Rb2+ 61. Re2 Rb3 62. Rd2+ Ke5 63. Rd5+ Kf4 64. Ke2 h4 65.
Rd4+ Kxf5 66. Rxh4 g5 67. Bd7+ Ke5 68. Rc4 Kd6 69. Bc6 Rb2+ 70. Kd3 f5 71. Rd4+
1/2-1/2

[Event "DEM U10/U10w 2015"]
[Site "Willingen GER"]
[Date "2015.05.24"]
[Round "2"]
[White "Henzgen, Nick"]
[Black "Schauties, Nico Antonio"]
[Result "1-0"]
[Termination "normal"]
[Board "12"]
[WhiteElo "1269"]
[BlackElo "1457"]
[PlyCount "129"]
[WhiteFideId "16212347"]
[BlackFideId "16206371"]
[EventCountry "GER"]
[EventRounds "11"]
[EventType "swiss"]
[EventDate "2015.05.23"]

1. e4 e6 2. d4 d5 3. e5 c5 4. c3 Nc6 5. Nf3 Qb6 6. b3 Bd7 7. Be3 Nge7 8. Nbd2
Nf5 9. Bd3 cxd4 10. cxd4 Nfxd4 11. O-O Nxf3+ 12. Nxf3 Qc7 13. Rc1 Rc8 14. Nd4
Qxe5 15. Nxc6 Rxc6 16. Bb5 Rxc1 17. Bxd7+ Kxd7 18. Qxc1 Bd6 19. g3 Rc8 20. Qd2
b6 21. Re1 Qc3 22. Qe2 Bb4 23. Rc1 Qf6 24. Qb5+ Kd8 25. Qxb4 Rxc1+ 26. Bxc1 Qe7
27. Qf4 Qc7 28. Qg5+ f6 29. Qe3 Kd7 30. Ba3 Qe5 31. Qd2 a5 32. b4 Qd6 33. Qc3
axb4 34. Bxb4 Qc6 35. Qe3 e5 36. Bf8 d4 37. Qd3 Qc1+ 38. Kg2 Qg5 39. Qb5+ Kc7
40. Qc4+ Kb7 41. Qb5 Kc7 42. Qd5 Qg4 43. Bd6+ Kd8 44. Bxe5+ Qd7 45. Qxd7+ Kxd7
46. Bxd4 b5 47. f4 Ke6 48. Kf3 g6 49. g4 f5 50. h3 Kd5 51. Bg7 Ke6 52. a3 Kf7
53. Be5 Ke6 54. Ke3 Kd5 55. Kd3 Kc5 56. Bf6 Kd5 57. gxf5 gxf5 58. h4 h5 59. Kc3
Kc5 60. Kb3 Kc6 61. Kb4 Kb6 62. Bd4+ Kc6 63. Be3 Kb7 64. Kxb5 Kb8 65. Kc5 1-0

[Event "DEM U10/U10w 2015"]
[Site "Willingen GER"]
[Date "2015.05.24"]
[Round "2"]
[White "Röhr, Oliver"]
[Black "Rockmann, Enno"]
[Result "0-1"]
[Termination "normal"]
[Board "13"]
[WhiteElo "1453"]
[BlackElo "1269"]
[PlyCount "76"]
[WhiteFideId "12987697"]
[BlackFideId "12982920"]
[EventCountry "GER"]
[EventRounds "11"]
[EventType "swiss"]
[EventDate "2015.05.23"]

1. e4 e5 2. Nf3 Nc6 3. Bc4 Nf6 4. d3 Bc5 5. Nc3 O-O 6. Bg5 h6 7. Bh4 d6 8. Nd5
Bg4 9. Nxf6+ gxf6 10. Qd2 Kh7 11. h3 Bxf3 12. gxf3 Nd4 13. Qd1 b5 14. Bb3 Nxb3
15. axb3 Qe7 16. Qd2 Qe6 17. f4 exf4 18. Qxf4 Bd4 19. c3 Be5 20. Qf5+ Qxf5 21.
exf5 Rfe8 22. O-O-O Bf4+ 23. Kb1 Bg5 24. Bg3 h5 25. Rhe1 h4 26. Bh2 a5 27. Rg1
Re2 28. Rdf1 Rd2 29. d4 Re8 30. Re1 Rxe1+ 31. Rxe1 Rxf2 32. Bg1 Rxf5 33. Be3
Rf3 34. Bxg5 fxg5 35. Rh1 f5 36. Rh2 Re3 37. Kc2 Kg6 38. Kd2 f4 0-1

[Event "DEM U10/U10w 2015"]
[Site "Willingen GER"]
[Date "2015.05.24"]
[Round "2"]
[White "Farokhi, Keyvan"]
[Black "Ziegenfuß, Antonia"]
[Result "0-1"]
[Termination "normal"]
[Board "14"]
[WhiteElo "1262"]
[BlackElo "1627"]
[PlyCount "86"]
[WhiteFideId "12998630"]
[BlackFideId "12962554"]
[EventCountry "GER"]
[EventRounds "11"]
[EventType "swiss"]
[EventDate "2015.05.23"]

1. e4 e5 2. Nf3 Nc6 3. Bc4 Nf6 4. d3 Bc5 5. c3 d6 6. Bb3 Bb6 7. O-O Be6 8. Nbd2
O-O 9. Re1 Ng4 10. Re2 Qd7 11. h3 Nf6 12. Nf1 Ne7 13. Ng3 Ng6 14. d4 Bxb3 15.
axb3 Rad8 16. Bg5 Kh8 17. Qd2 a6 18. Bxf6 gxf6 19. Qh6 Rg8 20. dxe5 fxe5 21.
Ng5 f6 22. Nf3 Qf7 23. c4 Nf4 24. Rd2 Rxg3 25. Nh4 Rdg8 26. Kh1 Rxb3 27. Kh2
Rg5 28. g3 Rh5 29. Qxh5 Qxh5 30. c5 Bxc5 31. Rc1 Ng6 32. Rxc5 dxc5 33. Rd8+ Kg7
34. Nf5+ Kf7 35. Rd7+ Kg8 36. Rd8+ Nf8 37. Ne7+ Kf7 38. Nf5 Rxb2 39. g4 Qg5 40.
Rc8 Qf4+ 41. Kh1 Qf3+ 42. Kg1 Qxf2+ 43. Kh1 Qf1# 0-1

[Event "DEM U10/U10w 2015"]
[Site "Willingen GER"]
[Date "2015.05.24"]
[Round "2"]
[White "Stockmann, Till"]
[Black "Stahnecker, Hagen"]
[Result "1-0"]
[Termination "normal"]
[Board "15"]
[WhiteElo "1442"]
[BlackElo "1257"]
[PlyCount "123"]
[WhiteFideId "12979341"]
[BlackFideId "16225422"]
[EventCountry "GER"]
[EventRounds "11"]
[EventType "swiss"]
[EventDate "2015.05.23"]

1. e4 e5 2. Nf3 Nc6 3. Bc4 Be7 4. O-O Nf6 5. d3 d6 6. c3 O-O 7. Bb3 Be6 8. Nbd2
d5 9. Re1 dxe4 10. Nxe4 Nxe4 11. dxe4 Qxd1 12. Rxd1 Bxb3 13. axb3 Rad8 14. Be3
a6 15. Rd5 Bd6 16. Kf1 f5 17. Ng5 Rf6 18. exf5 Rxf5 19. Ne4 Be7 20. Rxd8+ Nxd8
21. Nc5 e4 22. Nxe4 g5 23. Rd1 Ne6 24. Rd7 Kf7 25. g3 Ke8 26. Rd1 g4 27. Kg2
Re5 28. Nd2 Bc5 29. Nc4 Rf5 30. Re1 Bxe3 31. Rxe3 Ke7 32. b4 b5 33. Ne5 Rg5 34.
Re4 Kf6 35. Nxg4+ Kf5 36. f3 h5 37. Re5+ Kg6 38. Rxe6+ Kf7 39. Re5 Rxe5 40.
Nxe5+ Kf6 41. Nd7+ Ke6 42. Nc5+ Ke5 43. Nxa6 c6 44. Nb8 Kd6 45. Nxc6 Kxc6 46.
f4 Kd5 47. Kf3 Ke6 48. Ke4 Kf6 49. c4 bxc4 50. b5 Ke6 51. b6 Kd7 52. f5 Kc6 53.
f6 Kxb6 54. f7 Kc7 55. f8=Q h4 56. gxh4 c3 57. bxc3 Kc6 58. Qd8 Kb5 59. Qc8 Kb6
60. Kd5 Ka5 61. Qb7 Ka4 62. Qb4# 1-0

[Event "DEM U10/U10w 2015"]
[Site "Willingen GER"]
[Date "2015.05.24"]
[Round "2"]
[White "Dietz, Kristin"]
[Black "Prieb, Robert"]
[Result "0-1"]
[Termination "normal"]
[Board "16"]
[WhiteElo "1249"]
[BlackElo "1426"]
[PlyCount "94"]
[WhiteFideId "12993743"]
[BlackFideId "16212002"]
[EventCountry "GER"]
[EventRounds "11"]
[EventType "swiss"]
[EventDate "2015.05.23"]

1. e4 e5 2. Nf3 Nf6 3. Nxe5 d6 4. Nf3 Nxe4 5. d4 d5 6. Bd3 Nc6 7. O-O Be7 8.
Re1 Bg4 9. c3 Nf6 10. Nbd2 O-O 11. Qc2 Re8 12. b3 Qd6 13. Bb2 h6 14. h3 Be6 15.
c4 Nb4 16. Qc3 Nxd3 17. Qxd3 dxc4 18. Nxc4 Qd5 19. Rad1 Bf5 20. Qd2 Ne4 21. Qe2
Bb4 22. Rf1 Nd2 23. Ne3 Nxf1 24. Nxd5 Rxe2 25. Bc1 Bd6 26. Kxf1 Rxa2 27. Nd2
Re8 28. Nc4 Bc2 29. Nxd6 cxd6 30. Rd2 Bxb3 31. Rxa2 Bxa2 32. Ba3 Bc4+ 33. Kg1
Re1+ 34. Kh2 Bxd5 35. Bxd6 Re2 36. Bc5 Rxf2 37. Bxa7 Rxg2+ 38. Kh1 Ra2+ 39. Kg1
Rxa7 40. h4 b5 41. Kf1 b4 42. Ke2 b3 43. Kd2 b2 44. Kc2 Rb7 45. Kb1 Be4+ 46.
Ka2 b1=Q+ 47. Ka3 Ra7# 0-1

[Event "DEM U10/U10w 2015"]
[Site "Willingen GER"]
[Date "2015.05.24"]
[Round "2"]
[White "Toval, David"]
[Black "Kodalle, Dominik"]
[Result "0-1"]
[Termination "normal"]
[Board "17"]
[WhiteElo "1528"]
[BlackElo "1230"]
[PlyCount "81"]
[WhiteFideId "12992755"]
[BlackFideId "16208722"]
[EventCountry "GER"]
[EventRounds "11"]
[EventType "swiss"]
[EventDate "2015.05.23"]

1. e4 e6 2. d4 d5 3. Nd2 Nf6 4. e5 Nfd7 5. Bd3 c5 6. c3 Nc6 7. Ndf3 Qb6 8. Ne2
Be7 9. O-O O-O 10. Rb1 f6 11. Nf4 fxe5 12. Nxe6 Rf6 13. Nfg5 h6 14. Qh5 e4 15.
dxc5 Nxc5 16. Nxc5 Bxc5 17. Bxe4 dxe4 18. Nxe4 Rf5 19. Qg6 Ne5 20. Qe8+ Kh7 21.
b4 Bd6 22. Be3 Qc7 23. Rfd1 Nc4 24. Rd4 Bxh2+ 25. Kh1 Bd6 26. g4 Rf8 27. Qh5 b6
28. Rxc4 Qxc4 29. Nxd6 Qc6+ 30. Kg1 Qxd6 31. g5 Qd5 32. g6+ Kh8 33. Qxd5 Bf5
34. Qd2 Bxb1 35. Bxh6 Rad8 36. Qg5 Rf6 37. Qh4 Rxg6+ 38. Kf1 Bd3+ 39. Ke1 Rg1+
40. Kd2 Rd7 41. Qh3 0-1

[Event "DEM U10/U10w 2015"]
[Site "Willingen GER"]
[Date "2015.05.24"]
[Round "2"]
[White "Bashylina, Luisa"]
[Black "Simukov, Erik"]
[Result "0-1"]
[Termination "normal"]
[Board "18"]
[WhiteElo "1223"]
[BlackElo "1515"]
[PlyCount "102"]
[WhiteFideId "12983292"]
[BlackFideId "12995380"]
[EventCountry "GER"]
[EventRounds "11"]
[EventType "swiss"]
[EventDate "2015.05.23"]

1. e4 e5 2. Nf3 Nc6 3. d4 exd4 4. Nxd4 Bc5 5. Be3 Qf6 6. c3 Nge7 7. Bc4 Ne5 8.
Be2 Qg6 9. O-O O-O 10. Bh5 Qf6 11. f4 N5c6 12. e5 Qh4 13. g3 Qh3 14. Bg4 Qh6
15. Qd2 Nd5 16. Bf2 d6 17. Nxc6 Bxf2+ 18. Qxf2 bxc6 19. Bf3 dxe5 20. fxe5 Qe3
21. Qxe3 Nxe3 22. Rf2 Bd7 23. Nd2 Nd5 24. Nc4 Rfe8 25. Rd1 Be6 26. Rfd2 a5 27.
Kf2 Ra6 28. Bxd5 Bxd5 29. Ne3 Be6 30. a3 Kf8 31. Ng2 Raa8 32. Nf4 Bg4 33. Re1
Rad8 34. Rxd8 Rxd8 35. Ke3 g5 36. Nd3 Bf5 37. Nc5 Rd5 38. Ne4 Rxe5 39. Kd4 Rd5+
40. Ke3 Bxe4 41. Kxe4 f5+ 42. Ke3 Re5+ 43. Kf2 Rxe1 44. Kxe1 c5 45. Ke2 Ke7 46.
Kf3 Kf6 47. h3 h5 48. b3 Ke5 49. Ke3 f4+ 50. Kf3 fxg3 51. Kxg3 Ke4 0-1

[Event "DEM U10/U10w 2015"]
[Site "Willingen GER"]
[Date "2015.05.24"]
[Round "2"]
[White "Marschall, Tillmann"]
[Black "Reuter, Max"]
[Result "1/2-1/2"]
[Termination "normal"]
[Board "19"]
[WhiteElo "1423"]
[BlackElo "1036"]
[PlyCount "140"]
[WhiteFideId "12973220"]
[BlackFideId "16263715"]
[EventCountry "GER"]
[EventRounds "11"]
[EventType "swiss"]
[EventDate "2015.05.23"]

1. e4 c5 2. Nf3 e6 3. d4 cxd4 4. Nxd4 a6 5. Nc3 Qc7 6. Be3 Bb4 7. Bd2 Nf6 8.
Bd3 b5 9. O-O Bb7 10. Re1 d6 11. a4 bxa4 12. Nxa4 Bxd2 13. Qxd2 Nbd7 14. Nc3
O-O 15. Nb3 Nc5 16. Nxc5 Qxc5 17. Ra4 Qb6 18. b3 Rfc8 19. Bf1 Ng4 20. Rc4 Rxc4
21. Bxc4 Qc7 22. Qf4 Ne5 23. Qe3 Nxc4 24. bxc4 Qxc4 25. Rb1 Qc7 26. Qd3 Rc8 27.
Rb3 h6 28. g3 Qc4 29. Qe3 a5 30. Kg2 Ba8 31. Qd3 Qxd3 32. cxd3 f5 33. Kf3 fxe4+
34. dxe4 d5 35. Ke3 dxe4 36. Nxe4 Bxe4 37. Kxe4 a4 38. Ra3 Ra8 39. Ke5 Kf7 40.
Kd4 Kf6 41. Kc4 Kf5 42. f3 Ke5 43. Kd3 g5 44. Ke3 Ra6 45. Kd3 Kd5 46. Kc3 e5
47. Kd3 h5 48. h3 h4 49. gxh4 gxh4 50. Ke3 Ra8 51. Kd3 Ke6 52. Ke4 Ra5 53. f4
exf4 54. Kxf4 Kd5 55. Kg4 Kc4 56. Kxh4 Kb4 57. Rf3 a3 58. Rf4+ Kc3 59. Kg4 a2
60. Rf1 Kb2 61. h4 a1=Q 62. Rxa1 Kxa1 63. h5 Kb2 64. h6 Kc3 65. h7 Ra8 66. Kg5
Kd4 67. Kg6 Ke5 68. Kg7 Ra7+ 69. Kg8 Ke6 70. h8=Q Ra8+ 1/2-1/2

[Event "DEM U10/U10w 2015"]
[Site "Willingen GER"]
[Date "2015.05.24"]
[Round "2"]
[White "Reuter, Elisa"]
[Black "Lohvinov, Petro"]
[Result "0-1"]
[Termination "normal"]
[Board "20"]
[WhiteElo "1133"]
[BlackElo "1418"]
[PlyCount "62"]
[WhiteFideId "12995444"]
[BlackFideId "14176661"]
[EventCountry "GER"]
[EventRounds "11"]
[EventType "swiss"]
[EventDate "2015.05.23"]

1. d4 Nf6 2. e3 e6 3. f4 b6 4. Nf3 Bb7 5. Nbd2 c5 6. c3 Be7 7. Bd3 cxd4 8. cxd4
Nd5 9. Qe2 Nc6 10. Nb3 Bb4+ 11. Nbd2 O-O 12. O-O f5 13. a3 Bxd2 14. Bxd2 Qf6
15. Rac1 Rac8 16. Ne5 Rfd8 17. Rf3 d6 18. Nxc6 Bxc6 19. Rh3 g6 20. Be1 Qf7 21.
Bh4 Re8 22. Ba6 Bb5 23. Rxc8 Bxe2 24. Rxe8+ Qxe8 25. Bxe2 Qc6 26. Kf2 Qc2 27.
b4 Nc3 28. Be7 Qxe2+ 29. Kg3 Qxe3+ 30. Kh4 Qxf4+ 31. g4 Qxg4# 0-1

[Event "DEM U10/U10w 2015"]
[Site "Willingen GER"]
[Date "2015.05.24"]
[Round "2"]
[White "Zwecker, Hagen"]
[Black "Musiolik, David"]
[Result "0-1"]
[Termination "normal"]
[Board "21"]
[WhiteElo "1145"]
[BlackElo "1629"]
[PlyCount "118"]
[WhiteFideId "12991007"]
[BlackFideId "12972355"]
[EventCountry "GER"]
[EventRounds "11"]
[EventType "swiss"]
[EventDate "2015.05.23"]

1. e4 e6 2. d4 d5 3. Nc3 Bb4 4. e5 c5 5. a3 Bxc3+ 6. bxc3 c4 7. Qg4 g6 8. Nf3
Bd7 9. Ng5 h6 10. Nf3 Ba4 11. Rb1 Qe7 12. Kd1 Bc6 13. Qh3 Nd7 14. Ra1 Nb6 15.
Be2 Na4 16. Bd2 Qc7 17. Rb1 Qa5 18. Rb4 O-O-O 19. Ng5 Qc7 20. Bg4 Qe7 21. Nxf7
Qxf7 22. Bxe6+ Bd7 23. Bxf7 Bxh3 24. gxh3 Nb6 25. Bxg6 Ne7 26. Bf7 Rdf8 27. e6
Nc6 28. Rb1 Kd8 29. Re1 Ke7 30. f4 Nd8 31. Bh5 Rf6 32. Bg4 h5 33. Bf3 Rxe6 34.
Rxe6+ Kxe6 35. Ke2 Rh7 36. Rb5 Rd7 37. Bxh5 Rd6 38. Bg4+ Kf6 39. Be1 Kf7 40.
Bh4 Ne6 41. f5 Nc7 42. Rb1 Ne8 43. Rf1 Nf6 44. Rb1 Ne4 45. Bh5+ Kf8 46. Re1 Rh6
47. Bf3 Rxh4 48. Bg4 Kf7 49. Kf3 Kf6 50. Rb1 Nd2+ 51. Kg3 Rxg4+ 52. hxg4 Nxb1
53. h4 Nxc3 54. Kf4 Nd7 55. g5+ Kf7 56. h5 Ne2+ 57. Ke3 Ng3 58. h6 Nxf5+ 59.
Kf4 Ne7 0-1